<?xml version="1.0" encoding="UTF-8"?>
<marc:record xmlns:marc="http://www.loc.gov/MARC21/slim">
   <marc:leader>00000nam a2200000 a 4500</marc:leader>
   <marc:datafield ind1="1" ind2=" " tag="100">
      <marc:subfield code="a">Pérols, Sylvaine</marc:subfield>
      <marc:subfield code="4">aut</marc:subfield>
      <marc:subfield code="e">Verfasser/-in</marc:subfield>
   </marc:datafield>
   <marc:datafield ind1="1" ind2=" " tag="100">
      <marc:subfield code="a">Tödt-Rübel, Klaus</marc:subfield>
      <marc:subfield code="4">trl</marc:subfield>
      <marc:subfield code="e">Übersetzer/-in</marc:subfield>
   </marc:datafield>
   <marc:datafield ind1=" " ind2=" " tag="653">
      <marc:subfield code="a">f||Sachbilderbuch</marc:subfield>
   </marc:datafield>
   <marc:datafield ind1=" " ind2=" " tag="653">
      <marc:subfield code="a">s||Biber</marc:subfield>
   </marc:datafield>
   <marc:datafield ind1="0" ind2="0" tag="245">
      <marc:subfield code="a">Der Biber</marc:subfield>
   </marc:datafield>
   <marc:datafield ind1="0" ind2="0" tag="245">
      <marc:subfield code="c">mit Bildern von Sylvaine Pérols</marc:subfield>
   </marc:datafield>
   <marc:datafield ind1=" " ind2="1" tag="264">
      <marc:subfield code="a">Mannheim</marc:subfield>
      <marc:subfield code="b">Meyers Lexikonverl.</marc:subfield>
      <marc:subfield code="c">1994</marc:subfield>
   </marc:datafield>
   <marc:datafield ind1="1" ind2=" " tag="490">
      <marc:subfield code="a">Meyers kleine Kinderbibliothek ; 25</marc:subfield>
   </marc:datafield>
   <marc:datafield ind1="1" ind2=" " tag="520">
      <marc:subfield code="a">Lebens- und Arbeitsweise, Ernährung und Familienleben von Bibern werden auf Doppelseiten und geschickt eingesetzten teiltransparenten Seiten dargestellt. Gezeigt werden in vielen kleinen und grösseren Farbzeichnungen Details von Körperbau, Verhalten und Lebensraum. Eine Doppelseite mit Schwänzen und den dazugehörigen am Wasser lebenden Tieren regt die Kinder zu genauer Betrachtung an, auch wenn es keine Erklärung über das "Warum" der verschiedenen Schwanzformen gibt; dem Fisch- und dem Seeotter sind 2 weitere Doppelseiten gewidmet. Lobenswert der Hinweis auf Schafwolle als Alternative zu Pelztierjagd und Pelztierfarmen. - Empfohlen für alle (Schul-)Bibliotheken. S. Kalas: "Das Biber-Kinder-Buch" (BA 1/88) für ältere Kinder bietet weiterführende Informationen und Fotos.</marc:subfield>
   </marc:datafield>
   <marc:datafield ind1=" " ind2=" " tag="020">
      <marc:subfield code="a">3411086815</marc:subfield>
      <marc:subfield code="9">3411086815</marc:subfield>
   </marc:datafield>
   <marc:datafield ind1=" " ind2=" " tag="500">
      <marc:subfield code="a">Aus dem Franz. übers.</marc:subfield>
   </marc:datafield>
   <marc:datafield ind1=" " ind2=" " tag="300">
      <marc:subfield code="a">[18] Bl. : überw. Ill. (farb.)</marc:subfield>
   </marc:datafield>
</marc:record>
